000 00425nam a2200157Ia 4500
005 20250117101752.0
008 231217s9999 xx 000 0 und d
020 _a9788131404287
082 _a338.91 SUJ;1 R
100 _aSujatha, B ed.
245 0 _aGoing global : strategies and experiences
260 _c2006
_bIcfai
_aHyderabad
300 _aix, 243
650 _aGoing,global,strategies,experiences
942 _cAA
999 _c189593
_d189593